000 01006nas a2200313 4500
001 BR2015005005
003 BR-BrBNA
005 20231205125724.0
007 ta
008 230509b bl.|||p| |||| 00| 00por d
040 _aBR-BrBNA
_bpor
_cBiblioteca Nacional de Agricultura
041 _a(Pt)
072 _aT01; P35; P33
100 1 _aFreitas, F.C. de
100 1 _aPresotto, R.A.
100 1 _aGenúncio, G. da C.
100 1 _aSobrinho, N.M.B. do A.
100 1 _aZonta, E.
245 1 _apH, sódio, potássio, cálcio, magnésio e alumínio em solos contaminados com fluido de perfuração de poços de petróleo após ensaios de lixiviação
650 _aSUBSOLO
650 _aANALISE DO SOLO
650 _aGEOMORFOLOGIA
650 _aLIXIVIAÇAO
650 _aMINERALOGIA
650 _aQUIMICA DO SOLO
773 0 _tCiência Rural (Brazil)
_xISSN 0103-8478
_g(Aug 2015), v. 45(8) p. 1418-1423
_wBR2015005005
909 _a202311
_bLúcia
_c55
_dLúcia Elande
942 _2AGRIS
_n0
_cANA
999 _c245765
_d245765